FIFA World Cup 2022 Country Shapes - Statistics

General Stats
  • This quiz has been taken 33 times
    30 since last reset
  • The average score is 26 of 32
Answer Stats
Picture Answer % Correct
France
100%
Germany
100%
Australia
96%
Brazil
96%
England
96%
Japan
96%
Spain
96%
United States
96%
Argentina
88%
Canada
88%
Denmark
88%
Netherlands
88%
Portugal
88%
Mexico
83%
Morocco
83%
Poland
83%
Croatia
79%
Iran
79%
Saudi Arabia
79%
Senegal
79%
Switzerland
79%
Belgium
75%
Cameroon
75%
Costa Rica
75%
Qatar
75%
South Korea
75%
Tunisia
75%
Wales
71%
Ghana
67%
Serbia
67%
Ecuador
58%
Uruguay
58%
No matching quizzes found
Score Distribution
Percent of People with Each Score
Percentile by Number Answered
Your Score History
You have not taken this quiz since the last reset